Anar al contingut

Оценка службы персонала продюсерского центра (часть 1) Статья

Guardat en:
Dades bibliogràfiques
Autor principal: Кибанов А.Я
Format: Статья
Accés en línia:https://znanium.com/catalog/document?id=124779
https://znanium.com/cover/0444/444495.jpg
Etiquetes: Afegir etiqueta
Sense etiquetes, Sigues el primer a etiquetar aquest registre!
LEADER 01124nam0a2200205 i 4500
001 RU\infra-m\znanium\bibl\444495
003 https://znanium.com/catalog/document?id=124779
005 20190327000000.0
100 |a 20190327d2013 m y0rusy0150 ca 
101 0 |a rus 
102 |a RU 
200 1 |a Оценка службы персонала продюсерского центра (часть 1)  |e Статья  |f Государственный университет управления 
210 1 |a Москва  |c Панорама  |d 2006 
215 |a 13 с. 
333 |a Аспирантура 
608 |a Статья  |2 local 
700 1 |a Кибанов  |b А.Я.  |g Ардальон Яковлевич  |p Государственный университет управления 
801 0 |a RU  |b Общество с ограниченной ответственностью «ЗНАНИУМ»  |c 20131024  |2 rusmarc 
856 4 |a znanium.com  |m ebs_support@infra-m.ru  |n НИЦ ИНФРА-М  |u https://znanium.com/catalog/document?id=124779 
856 4 1 |a znanium.com  |d /cover/0444  |f 444495.jpg  |q image/jpeg  |u https://znanium.com/cover/0444/444495.jpg